00241nam a2200097Ia 4500008004100000100001700041245003600058260002700094300000900121650001300130190216s9999||||xx |||||||||||||| ||und|| aAlan Simpson 0aUnderstanding Database Iii Plus bBpb Publicationsc1993 a414p aComputer